000 00581nam a2200181 i 4500
001 70692
003 ES-MaACL
005 20230906170905.0
007 t|
008 040802s1956 sp ||||1| spa d
100 1 _aGaritagoitia, Rafael de.
_955564
245 1 0 _aFugas del alma /
_cRafael de Garitagoitia ; [prólogo de José Ramón de Amézola ; epílogo de Vicente de Artadi].
260 _a[S.l. :
_bs.n.,
_c1956]
300 _a137 p. ;
_c13 cm.
700 1 _aAmezola, José Ramón de.
_921217
700 1 _aArtadi, Vicente de.
_923414
852 _aES-MaACL
_jC-12134
_bR.39667
999 _c70692
_d70692